书目信息 |
| 题名: |
评苏联和“西方马克思主义者”的辩证法理论
|
|
| 作者: | 徐崇温 著 | |
| 分册: | ||
| 出版信息: | 长春 吉林人民出版社 1979 |
|
| 页数: | 188页 | |
| 开本: | 19cm | |
| 丛书名: | 社会科学战线丛书 | |
| 单 册: | ||
| 中图分类: | B08 | |
| 科图分类: | ||
| 主题词: | 哲学学派-辩证法--研究 , 辩证法-哲学学派--研究 | |
| 电子资源: | ||
| ISBN: | ||
| 000 | 00901nam2 2200277 45 | |
| 001 | 0179003532 | |
| 005 | 20060727173944.76 | |
| 010 | @dCNY0.40 | |
| 091 | @aCN@b3091.448 | |
| 100 | @a19950712d1979 kemy0chiy0121 ea | |
| 101 | 0 | @achi |
| 102 | @aCN@b220000 | |
| 105 | @ay z 000yy | |
| 200 | 10 | @a评苏联和“西方马克思主义者”的辩证法理论@Aping su lian he xi fang ma ke si zhu yi zhe de bian zheng fa li lun@f徐崇温著 |
| 210 | @a长春@c吉林人民出版社@d1979 | |
| 215 | @a188页@d19cm | |
| 225 | 2 | @a社会科学战线丛书 |
| 410 | 0 | @120010@a社会科学战线丛书 |
| 517 | 1 | @a评苏联和西方马克思主义者的辩证法理论@Aping su lian he xi fang ma ke si zhu yi zhe de bian zheng fa li lun |
| 606 | @a哲学学派-辩证法@x研究 | |
| 606 | @a辩证法-哲学学派@x研究 | |
| 610 | 0 | @a西方马克思主义 |
| 690 | @aB08@v3 | |
| 701 | 0 | @a徐崇温@Axu chong wen@4著 |
| 801 | 0 | @aCN@bTSSF@c20060727 |
| 905 | @a10447@dB08@e28 | |
| 评苏联和“西方马克思主义者”的辩证法理论/徐崇温著.-长春:吉林人民出版社,1979 |
| 188页;19cm.-(社会科学战线丛书) |
| ISBN :CNY0.40 |
| ● |
| 相关链接 |
|
|
|
|
正题名:评苏联和"西方马克思主义者"的辩证法理论
索取号:B08/28
 
预约/预借
| 序号 | 登录号 | 条形码 | 馆藏地/架位号 | 状态 | 备注 |
| 1 | 0440162 | 204401628 | 密集书库/ [索取号:B08/28] | 在馆 |